LEADER 00952nam0-22003251i-450- 001 990003861800403321 005 20080121104825.0 035 $a000386180 035 $aFED01000386180 035 $a(Aleph)000386180FED01 035 $a000386180 100 $a20030910d--------km-y0itay50------ba 101 0 $aita 102 $aIT 200 1 $aRural Revolution in France$eThe Peasantry in the Twentieth Century$fGordon Wright. 210 $aStanford (Cal.)$cStanford University Press$cLondon$cOxford University Press$d1964. 215 $axi, 271 p.$cill.$d22 cm 610 0 $aFrancia$aAgricoltura 610 0 $aFrancia$aStoria 676 $aE/5 676 $aF/1.421 676 $aH/1 700 1$aWright,$bGordon$f<1912-2000>$0146444 801 0$aIT$bUNINA$gRICA$2UNIMARC 901 $aBK 912 $a990003861800403321 952 $aF/1.421 WRI$b032344$fSES 959 $aSES 996 $aRural Revolution in France$9514496 997 $aUNINA